Formula 1 2020 Drivers and Formula 1 2019 Drivers - Statistics

General Stats
  • This quiz has been taken 205 times
    200 since last reset
  • The average score is 21 of 22
Answer Stats
Team Driver % Correct
McLaren Carlos Sainz
98%
Ferrari Charles Leclerc
97%
McLaren Lando Norris
97%
Mercedes Lewis Hamilton
97%
Ferrari Sebastian Vettel
97%
Racing Point Sergio Perez
97%
Red Bull Racing Max Verstappen
96%
AlphaTauri Pierre Gasly
96%
Renault Daniel Ricciardo
95%
Renault Esteban Ocon
95%
William George Russell
95%
Haas F1 Team Kevin Magnussen
95%
Alfa Romeo Racing Kimi Raikkonen
95%
Mercedes Valterri Bottas
95%
Red Bull Racing Alexander Albon
94%
Racing Point Lance Stroll
92%
Williams Nicholas Latifi
91%
Renault, 2019 Nico Hulkenberg
91%
Haas F1 Team Romain Grosjean
91%
Alfa Romeo Racing Antonio Giovinazzi
88%
AlphaTauri Daniil Kvyat
84%
Williams, 2019 Robert Kubica
81%
No matching quizzes found
Score Distribution
Percent of People with Each Score
Percentile by Number Answered
Your Score History
You have not taken this quiz since the last reset